Samanya Shamata Chachani (Record no. 3095)

MARC details
000 -LEADER
fixed length control field 00275nam a22001217a 4500
041 ## - LANGUAGE CODE
Language code of text/sound track or separate title ENG
100 ## - MAIN ENTRY--PERSONAL NAME
Personal name Chankya.
245 ## - TITLE STATEMENT
Title Samanya Shamata Chachani
260 ## - PUBLICATION, DISTRIBUTION, ETC. (IMPRINT)
Place of publication, distribution, etc Punr
Name of publisher, distributor, etc Monovikas Prakshan
Date of publication, distribution, etc 2000
300 ## - PHYSICAL DESCRIPTION
Extent 201
650 ## - SUBJECT ADDED ENTRY--TOPICAL TERM
Topical term or geographic name as entry element Competitive (47)
856 ## - ELECTRONIC LOCATION AND ACCESS
Uniform Resource Identifier Competitive (47)
Holdings
Withdrawn status Lost status Source of classification or shelving scheme Damaged status Not for loan Home library Current library Shelving location Date acquired Total Checkouts Barcode Date last seen Date checked out Price effective from Koha item type
    Dewey Decimal Classification     College of Agricultural Engineering and Technology, Dapoli , Library College of Agricultural Engineering and Technology, Dapoli , Library Book Cart 16/12/2021 1 G00138 22/06/2022 13/06/2022 16/12/2021 Books

Contact Us: College of Agricultural Engineering and Technology, Dapoli, Dist.- Ratnagiri
Website: https://dbskkv.org Email: caetlibrary2015@gmail.com